banner koha

Efeito da adubação nitrogenada de cobertura e do espaçamento sobre a produção de rúcula (Registro n. 213209)

MARC details
000 -LÍDER
campo de controle de tamanho fixo 01148nas a2200361 4500
001 - NÚMERO DE CONTROLE
campo de controle BR2011002453
003 - IDENTIFICADOR DO NÚMERO DE CONTROLE
campo de controle BR-BrBNA
005 - DATA E HORÁRIO DA ÚLTIMA TRANSAÇÃO
campo de controle 20231205115324.0
007 - CAMPO FIXO DE DESCRIÇÃO FÍSICA--INFORMAÇÃO GERAL
campo de controle de tamanho fixo ta
008 - CAMPO DE DADOS FIXOS--INFORMAÇÃO GERAL
campo de controle de tamanho fixo 230509b bl.|||p| |||| 00| 00por d
040 ## - FONTE DA CATALOGAÇÃO
Instituição da catalogação original BR-BrBNA
Idioma da catalogação por
Instituição que transcreveu o registro Biblioteca Nacional de Agricultura
041 ## - CÓDIGO DE IDIOMA
Código do idioma do texto/trilha sonora ou título diferente (Pt)
072 ## - CÓDIGO DE CATEGORIA DE ASSUNTO
Código de Categoria de Assunto F04; F01
100 1# - ENTRADA PRINCIPAL--NOME PESSOAL
Nome pessoal Purquerio, L.F.V.
100 1# - ENTRADA PRINCIPAL--NOME PESSOAL
Nome pessoal Demant, L.A.R.
100 1# - ENTRADA PRINCIPAL--NOME PESSOAL
Nome pessoal Goto, R.
100 1# - ENTRADA PRINCIPAL--NOME PESSOAL
Nome pessoal Villas Boas, R.L.
100 1# - ENTRADA PRINCIPAL--NOME PESSOAL
Nome pessoal Demant, L.A.R.
100 1# - ENTRADA PRINCIPAL--NOME PESSOAL
Nome pessoal Goto, R.
100 1# - ENTRADA PRINCIPAL--NOME PESSOAL
Nome pessoal Villas Boas, R.L.
245 1# - TÍTULO
Título Efeito da adubação nitrogenada de cobertura e do espaçamento sobre a produção de rúcula
650 ## - ASSUNTO--TERMO TÓPICO
Cabeçalho tópico ou nome geográfico RÚCULA
650 ## - ASSUNTO--TERMO TÓPICO
Cabeçalho tópico ou nome geográfico ERUCA SATIVA
650 ## - ASSUNTO--TERMO TÓPICO
Cabeçalho tópico ou nome geográfico FERTILIZANTE NITROGENADO
650 ## - ASSUNTO--TERMO TÓPICO
Cabeçalho tópico ou nome geográfico ADUBAÇÃO DE COBERTURA
650 ## - ASSUNTO--TERMO TÓPICO
Cabeçalho tópico ou nome geográfico ESPAÇAMENTO
650 ## - ASSUNTO--TERMO TÓPICO
Cabeçalho tópico ou nome geográfico PRODUÇÃO VEGETAL
650 ## - ASSUNTO--TERMO TÓPICO
Cabeçalho tópico ou nome geográfico NUTRIÇÃO VEGETAL
773 0# - ENTRADA ANALÍTICA
Título Horticultura Brasileira (Brazil)
ISSN - International Standard Serial Number ISSN 0102-0536
Partes relacionadas (Jul-Sep 2007), v. 25(3) p. 464-470
Número de controle do registro BR2011002453
856 4# - LOCALIZAÇÃO ELETRÔNICA E ACESSO
Uniform Resource Identifier <a href="http://www.scielo.br/pdf/hb/v25n3/a28v25n3.pdf">http://www.scielo.br/pdf/hb/v25n3/a28v25n3.pdf</a>
Texto de ligação Recurso eletrônico (PDF)
909 ## -
-- 202311
-- Lúcia
-- 55
-- Lúcia Elande
942 ## - ELEMENTOS DE ENTRADA ADICIONADOS (KOHA)
Fonte da classificação ou esquema de arquivamento na estante Classificação AGRIS
Ocultar no OPAC Não
Tipo de material Koha Analítica
Exemplares
Situação do descarte Fonte da classificação ou esquema de arquivamento na estante Situação física Não pode ser emprestado Biblioteca de origem Biblioteca atual Localização na estante Enumeração do periódico / cronologia Total de empréstimos Data de último acesso Número do exemplar Tipo de material Koha Fonte de aquisição
  Classificação AGRIS   Consulta local Biblioteca Nacional de Agricultura - Binagri Biblioteca Nacional de Agricultura - Binagri   (Jul-Sep 2007), v. 25(3) p. 464-470   29/11/2023 01 Periódicos Portaria Interministerial nº 164/94

BINAGRI

Telefone: (61)3218-2567/2388/3357/2097 - binagri@agro.gov.br

Ministério da Agricultura e Pecuária , Esplanada dos Ministérios, Bloco D, Anexo B, Brasília/DF, CEP: 70.043-900